Sketches by Boz / (Record no. 174555)

000 -LEADER
fixed length control field 01135cam a2200277 a 4500
001 - CONTROL NUMBER
control field 3061471
003 - CONTROL NUMBER IDENTIFIER
control field Nust
005 - DATE AND TIME OF LATEST TRANSACTION
control field 20220829111638.0
008 - FIXED-LENGTH DATA ELEMENTS--GENERAL INFORMATION
fixed length control field 960626s1995 enka 000 1 eng
010 ## - LIBRARY OF CONGRESS CONTROL NUMBER
LC control number 96164047
020 ## - INTERNATIONAL STANDARD BOOK NUMBER
International Standard Book Number 9788178266282
040 ## - CATALOGING SOURCE
Original cataloging agency DLC
Transcribing agency DLC
Modifying agency DLC
043 ## - GEOGRAPHIC AREA CODE
Geographic area code e-uk-en
082 00 - DEWEY DECIMAL CLASSIFICATION NUMBER
Classification number 823
Author Mark DIC
100 1# - MAIN ENTRY--PERSONAL NAME
Personal name Dickens, Charles,
Dates associated with a name 1812-1870.
9 (RLIN) 12180
245 10 - TITLE STATEMENT
Title Sketches by Boz /
Statement of responsibility, etc. Charles Dickens ; edited with an introduction and notes by Dennis Walder and original illustrations by George Cruikshank.
260 ## - PUBLICATION, DISTRIBUTION, ETC.
Place of publication, distribution, etc. London ;
-- New York :
Name of publisher, distributor, etc. Penguin Books,
Date of publication, distribution, etc. 2004.
300 ## - PHYSICAL DESCRIPTION
Extent 552 p. :
Dimensions 20 cm.
651 #0 - SUBJECT ADDED ENTRY--GEOGRAPHIC NAME
Geographic name London (England)
General subdivision Social life and customs
Chronological subdivision 19th century
General subdivision Fiction.
9 (RLIN) 98566
700 1# - ADDED ENTRY--PERSONAL NAME
Personal name Walder, Dennis.
9 (RLIN) 98567
856 42 - ELECTRONIC LOCATION AND ACCESS
Materials specified Contributor biographical information
Uniform Resource Identifier <a href="http://www.loc.gov/catdir/enhancements/fy1207/96164047-b.html">http://www.loc.gov/catdir/enhancements/fy1207/96164047-b.html</a>
856 42 - ELECTRONIC LOCATION AND ACCESS
Materials specified Publisher description
Uniform Resource Identifier <a href="http://www.loc.gov/catdir/enhancements/fy1207/96164047-d.html">http://www.loc.gov/catdir/enhancements/fy1207/96164047-d.html</a>
906 ## - LOCAL DATA ELEMENT F, LDF (RLIN)
a 7
b cbc
c orignew
d 2
e ncip
f 19
g y-gencatlg
942 ## - ADDED ENTRY ELEMENTS (KOHA)
Source of classification or shelving scheme
Koha item type Book
Holdings
Withdrawn status Lost status Source of classification or shelving scheme Damaged status Not for loan Permanent Location Current Location Shelving location Date acquired Full call number Barcode Date last seen Copy number Price effective from Koha item type
          Central Library (CL) Central Library (CL) Children Section 01/31/2017 823 DIC CL933 01/31/2017 1 01/31/2017 Book
© 2023 Central Library, National University of Sciences and Technology. All Rights Reserved.